| 000 | 00354pab a2200145 454500 | ||
|---|---|---|---|
| 008 | 180718b1987 xxu||||| |||| 00| 0 eng d | ||
| 100 | _aCleland, David I. | ||
| 245 | _aThe strategic context of projects | ||
| 260 | _c1987 | ||
| 300 | _a55-7 | ||
| 362 | _aAug. | ||
| 650 | _aProject Management | ||
| 773 | _aProject Management Journal | ||
| 909 | _a16197 | ||
| 999 |
_c16197 _d16197 |
||